[Event "Oberliga Bayern 1718"]
[Site "Bayern"]
[Date "2018.02.04"]
[Round "6.8"]
[White "Tournier, Mathieu"]
[Black "Costa, Leonardo"]
[Result "1-0"]
[WhiteElo "2276"]
[BlackElo "1848"]
[PlyCount "101"]
[EventDate "2017.10.22"]
[EventType "team-tourn"]
[EventRounds "9"]
[EventCountry "GER"]
[SourceTitle "EXT 2020"]
[Source "ChessBase"]
[SourceDate "2019.10.17"]
[SourceVersion "1"]
[SourceVersionDate "2019.10.17"]
[SourceQuality "1"]
[WhiteTeam "Bayern Muenchen II"]
[BlackTeam "Muenchen Suedost"]
[WhiteTeamCountry "GER"]
[BlackTeamCountry "GER"]

1. e4 c5 2. c3 Nf6 3. e5 Nd5 4. d4 cxd4 5. Nf3 e6 6. cxd4 b6 7. Nc3 Bb7 8. Bd3 d6 9. 0-0 dxe5 10. Nxe5 a6 11. Qf3 Qf6 12. Qg3 h6 13. f4 g6 14. Bd2 Bg7 15. f5 exf5 16. Nxd5 Bxd5 17. Bb4 Qg5 18. Qf2 Nc6 19. Nxc6 Bxc6 20. Rfe1+ Kd7 21. d5 Bxd5 22. Re7+ Qxe7 23. Bxe7 Kxe7 24. Qxb6 Rhd8 25. Qb4+ Kd7 26. Bc2 Rab8 27. Ba4+ Ke6 28. Re1+ Be5 29. Qa5 Rd6 30. Bb3 Rb5 31. Bxd5+ Rbxd5 32. Qa4 Kf6 33. Qe8 Re6 34. Qh8+ Ke7 35. Qxh6 Bd4+ 36. Kf1 Rxe1+ 37. Kxe1 Bxb2 38. Qh4+ Bf6 39. Qb4+ Ke6 40. Qc4 a5 41. Ke2 Kd6 42. Qa6+ Ke5 43. Qb7 Ke6 44. Qc6+ Ke5 45. Qe8+ Kd6 46. Qxf7 Bc3 47. Qxg6+ Kc5 48. Qg5 Rd2+ 49. Qxd2 Bxd2 50. Kxd2 Kd4 51. h4 1-0

[Event "Oberliga Bayern 1516"]
[Site "Bayern"]
[Date "2016.01.31"]
[Round "6.1"]
[White "Tournier, Mathieu"]
[Black "Schuster, Karsten"]
[Result "0-1"]
[WhiteElo "2283"]
[BlackElo "2249"]
[PlyCount "130"]
[EventDate "2015.10.11"]
[EventType "team-tourn"]
[EventRounds "9"]
[EventCountry "GER"]
[SourceTitle "EXT 2018"]
[Source "ChessBase"]
[SourceDate "2017.10.13"]
[SourceVersion "1"]
[SourceVersionDate "2017.10.13"]
[SourceQuality "1"]
[WhiteTeam "Bayern Muenchen II"]
[BlackTeam "Groebenzell"]
[WhiteTeamCountry "GER"]
[BlackTeamCountry "GER"]

1. e4 c6 2. c4 d5 3. exd5 cxd5 4. cxd5 Nf6 5. Nc3 Nxd5 6. Nf3 e6 7. Bc4 Be7 8. 0-0 Nc6 9. d4 0-0 10. Re1 Nxc3 11. bxc3 Bf6 12. Bb3 b6 13. Qd3 Bb7 14. Bf4 Rc8 15. Rad1 Ne7 16. c4 Ng6 17. Bg3 Ba6 18. Re4 Re8 19. h4 h5 20. Rde1 Bb7 21. d5 Re7 22. Ng5 exd5 23. Rxe7 Bxe7 24. Nxf7 Kxf7 25. Qf5+ Bf6 26. cxd5 Rc3 27. d6+ Rxb3 28. axb3 Bc6 29. Rc1 Qd7 30. Qc2 Bb5 31. b4 Nf8 32. Qa2+ Qe6 33. Qxa7+ Nd7 34. Qa8 Qf5 35. Re1 Kg6 36. Qe8+ Kh7 37. Qf7 Bc6 38. Qc4 Qd5 39. Qc2+ g6 40. f3 Kg7 41. Rc1 Bb5 42. Kh1 Qd4 43. Qe4 Qxe4 44. fxe4 Be5 45. Bxe5+ Nxe5 46. Rc7+ Nd7 47. g4 Kf6 48. gxh5 gxh5 49. Rc8 Ke5 50. Rh8 Be2 51. Rh6 Bg4 52. Kg2 Kxe4 53. Kg3 Kd5 54. Rg6 Ne5 55. d7 Nxd7 56. Rxg4 hxg4 57. Kxg4 Ke6 58. Kf4 Nf6 59. Kg5 b5 60. Kg6 Nd5 61. Kg7 Nxb4 62. h5 Nd3 63. h6 Ne5 64. Kh8 Nf7+ 65. Kg7 Nxh6 0-1

[Event "Oberliga Bayern 1415"]
[Site "Germany"]
[Date "2015.01.18"]
[Round "5.1"]
[White "Tournier, Mathieu"]
[Black "Wenninger, Philipp"]
[Result "0-1"]
[WhiteElo "2317"]
[BlackElo "2259"]
[PlyCount "66"]
[EventDate "2014.10.19"]
[EventType "team-tourn"]
[EventRounds "9"]
[EventCountry "GER"]
[SourceTitle "EXT 2016"]
[Source "ChessBase"]
[SourceDate "2015.10.08"]
[SourceVersion "1"]
[SourceVersionDate "2015.10.08"]
[SourceQuality "1"]
[WhiteTeam "Bayern Muenchen II"]
[BlackTeam "Erlangen"]
[WhiteTeamCountry "GER"]
[BlackTeamCountry "GER"]

1. e4 c6 2. c4 d6 3. d4 g6 4. Nc3 Bg7 5. Be3 Nf6 6. f3 0-0 7. Qd2 a6 8. Bd3 b5 9. Nge2 Nbd7 10. Rc1 bxc4 11. Bxc4 a5 12. 0-0 Nb6 13. Bd3 Be6 14. Nd1 Bxa2 15. Rxc6 d5 16. e5 Nfd7 17. Bh6 Nc4 18. Bxc4 Bxc4 19. Bxg7 Kxg7 20. Ne3 Nb8 21. Rxc4 dxc4 22. Nxc4 Nc6 23. d5 Nb4 24. Rd1 Qc7 25. Qd4 Nxd5 26. Qxd5 Rfd8 27. Nd6 exd6 28. exd6 Qb6+ 29. Nd4 Kg8 30. Qc6 Ra6 31. Qc4 Rxd6 32. Kf1 Ra8 33. Rd3 Rad8 0-1

[Event "Oberliga Bayern 1415"]
[Site "Germany"]
[Date "2014.12.07"]
[Round "4.1"]
[White "Milov, Leonid"]
[Black "Tournier, Mathieu"]
[Result "0-1"]
[WhiteElo "2492"]
[BlackElo "2317"]
[PlyCount "114"]
[EventDate "2014.10.19"]
[EventType "team-tourn"]
[EventRounds "9"]
[EventCountry "GER"]
[SourceTitle "EXT 2016"]
[Source "ChessBase"]
[SourceDate "2015.10.08"]
[SourceVersion "1"]
[SourceVersionDate "2015.10.08"]
[SourceQuality "1"]
[WhiteTeam "Nuernberg NT"]
[BlackTeam "Bayern Muenchen II"]
[WhiteTeamCountry "GER"]
[BlackTeamCountry "GER"]

1. e4 e5 2. Nf3 Nc6 3. Bb5 a6 4. Ba4 Nf6 5. 0-0 b5 6. Bb3 Bc5 7. a4 Rb8 8. c3 d6 9. d4 Bb6 10. a5 Ba7 11. Be3 exd4 12. cxd4 0-0 13. Nc3 b4 14. Ne2 Bg4 15. Qc2 Bxf3 16. gxf3 Ne7 17. d5 Bxe3 18. fxe3 Nd7 19. Nd4 Nc5 20. Bc4 Ng6 21. Kh1 Ne5 22. Be2 Qf6 23. Rg1 Rfe8 24. Qd1 g6 25. Qf1 Ra8 26. Rd1 Kf8 27. Qh3 h5 28. b3 Rec8 29. Rdf1 Re8 30. Qg3 Kg7 31. Qh3 Kf8 32. Rd1 Rac8 33. Rgf1 Kg8 34. Qg3 c6 35. dxc6 Nxc6 36. Nxc6 Rxc6 37. Bc4 Kg7 38. Qe1 Rb8 39. Qd2 Ne6 40. Qd5 Rc5 41. Qxd6 Rd8 42. Qg3 Rxd1 43. Rxd1 Rxa5 44. f4 Ra1 45. Rxa1 Qxa1+ 46. Qg1 Qc3 47. e5 Nc5 48. Qg5 Ne4 49. Qe7 Qe1+ 50. Kg2 Qf2+ 51. Kh1 Qf3+ 52. Kg1 Qxe3+ 53. Kg2 Qf2+ 54. Kh1 Qf3+ 55. Kg1 Qg4+ 56. Kf1 Qxf4+ 57. Ke2 Qf2+ 0-1

[Event "Oberliga Bayern 1112"]
[Site "Bayern"]
[Date "2012.03.18"]
[Round "8.7"]
[White "Tournier, Mathieu"]
[Black "Prediger, Rupert"]
[Result "1-0"]
[WhiteElo "2273"]
[BlackElo "2166"]
[PlyCount "63"]
[EventDate "2011.10.02"]
[EventType "team-tourn"]
[EventRounds "9"]
[EventCountry "GER"]
[SourceTitle "EXT 2015"]
[Source "ChessBase"]
[SourceDate "2014.11.20"]
[SourceVersion "1"]
[SourceVersionDate "2014.11.20"]
[SourceQuality "1"]
[WhiteTeam "Bayern Muenchen II"]
[BlackTeam "Pang/Rosenheim"]
[WhiteTeamCountry "GER"]
[BlackTeamCountry "GER"]

1. e4 Nf6 2. e5 Nd5 3. d4 d6 4. c4 Nb6 5. exd6 exd6 6. Nc3 Be7 7. Be3 0-0 8. Nf3 Bg4 9. h3 Bh5 10. g4 Bg6 11. h4 h5 12. Ng5 hxg4 13. Qxg4 Qd7 14. Qg2 Bh5 15. c5 dxc5 16. dxc5 Rd8 17. cxb6 Bb4 18. f3 axb6 19. Kf2 Bxc3 20. bxc3 Qd5 21. Ne4 Rxa2+ 22. Rxa2 Qxa2+ 23. Be2 Bg6 24. Rg1 Rd5 25. Qg4 Nd7 26. Rg2 Rf5 27. Bd4 c5 28. h5 cxd4 29. hxg6 d3 30. Qxf5 Qxe2+ 31. Kg3 Qe1+ 32. Nf2 1-0

[Event "FRA-chT1 1011"]
[Site "France"]
[Date "2010.10.17"]
[Round "1.2"]
[White "Tournier, Mathieu"]
[Black "Legky, Nikolay A"]
[Result "0-1"]
[WhiteElo "2240"]
[BlackElo "2420"]
[PlyCount "128"]
[EventDate "2010.10.17"]
[EventType "team-tourn"]
[EventRounds "11"]
[EventCountry "FRA"]
[SourceTitle "EXT 2012"]
[Source "ChessBase"]
[SourceDate "2011.11.24"]
[SourceVersion "1"]
[SourceVersionDate "2011.11.24"]
[SourceQuality "1"]

1. e4 c5 2. c3 e6 3. d4 d5 4. exd5 exd5 5. Nf3 Nc6 6. Be3 cxd4 7. Nxd4 Nf6 8. Be2 Bd6 9. Nd2 0-0 10. N2f3 h6 11. h3 a6 12. 0-0 Bc7 13. c4 Ne7 14. Nb3 Nf5 15. Bc5 Re8 16. cxd5 b6 17. Ba3 Nxd5 18. Bc4 Bb7 19. Qd3 g6 20. Rad1 Nde7 21. Qc3 Qc8 22. Rc1 Bxf3 23. Qxf3 b5 24. Bd3 Qb8 25. Nc5 Rd8 26. Be4 Ra7 27. Nd3 Bb6 28. Rfe1 Rc7 29. b3 Rxc1 30. Bxc1 Qd6 31. Bf4 Qd4 32. Be5 Qd7 33. g4 f6 34. gxf5 fxe5 35. f6 Rf8 36. Nxe5 Qe6 37. f7+ Kg7 38. Qg3 Bc7 39. Bg2 Rxf7 40. Qc3 Qf6 41. f4 Nf5 42. Kh1 Re7 43. Qa1 Ng3+ 44. Kh2 Nh5 45. Nd3 Qxa1 46. Rxa1 Bxf4+ 47. Nxf4 Nxf4 48. Bf1 Re3 49. Rb1 b4 50. Bxa6 Rxh3+ 51. Kg1 Kf6 52. Bc4 Ke5 53. Ra1 g5 54. a4 bxa3 55. Rxa3 g4 56. Ra8 Rc3 57. Re8+ Kf6 58. Rf8+ Kg5 59. Kf2 g3+ 60. Kg1 Rc1+ 61. Bf1 Kg4 62. Rg8+ Kf3 63. Rf8 h5 64. b4 h4 0-1

[Event "Condom"]
[Site "Condom"]
[Date "2010.07.17"]
[Round "8"]
[White "Tournier, Mathieu"]
[Black "Guichard, Pauline"]
[Result "0-1"]
[WhiteElo "2281"]
[BlackElo "2320"]
[PlyCount "118"]
[EventDate "2010.07.??"]
[EventType "tourn"]
[EventRounds "9"]
[EventCountry "FRA"]
[SourceTitle "EXT 2011"]
[Source "ChessBase"]
[SourceDate "2010.11.26"]
[SourceVersion "1"]
[SourceVersionDate "2010.11.26"]
[SourceQuality "1"]

1. e4 c5 2. Nc3 e6 3. g3 d5 4. Bg2 Nf6 5. Nh3 dxe4 6. Ng5 Be7 7. Ngxe4 0-0 8. 0-0 Nd5 9. b3 b6 10. Bb2 Nc6 11. Ne2 Bb7 12. a3 f5 13. N4c3 Bf6 14. Re1 Qd7 15. Qc1 Nd4 16. Nxd5 Nxe2+ 17. Rxe2 Bxd5 18. Bxd5 Qxd5 19. f4 Bd4+ 20. Bxd4 Qxd4+ 21. Re3 g5 22. c3 Qd6 23. Qe1 Rae8 24. fxg5 f4 25. gxf4 Rxf4 26. Qg3 Ref8 27. Rae1 Qxd2 28. Rd3 Qc2 29. g6 h5 30. g7 Rg4 31. gxf8Q+ Kxf8 32. Rf3+ Ke7 33. b4 Rxg3+ 34. hxg3 Qb3 35. Rfe3 Kd7 36. bxc5 bxc5 37. a4 Qxa4 38. Rxe6 Qg4 39. R6e3 h4 40. Kh2 a5 41. gxh4 Qxh4+ 42. Kg2 a4 43. Rc1 Qg4+ 44. Kf2 Qf4+ 45. Ke2 a3 46. c4 a2 47. Rd3+ Kc6 48. Rdd1 Qe5+ 49. Kd3 Qb2 50. Ke3 Kb6 51. Ke4 Ka5 52. Kd5 Kb4 53. Ra1 Qg2+ 54. Kd6 Qg6+ 55. Kd5 Qf7+ 56. Kc6 Qe6+ 57. Kc7 Qxc4 58. Rd2 Qf4+ 59. Rd6 Kb3 0-1

[Event "FRA-chT2 North 0809"]
[Site "France"]
[Date "2009.02.08"]
[Round "7.4"]
[White "Loukili, Abdelillah"]
[Black "Tournier, Mathieu"]
[Result "0-1"]
[WhiteElo "2136"]
[BlackElo "2272"]
[PlyCount "98"]
[EventDate "2008.10.19"]
[EventType "tourn"]
[EventRounds "11"]
[EventCountry "FRA"]
[SourceTitle "EXT 2010"]
[Source "ChessBase"]
[SourceDate "2010.11.25"]
[SourceVersion "1"]
[SourceVersionDate "2010.11.25"]
[SourceQuality "1"]
[WhiteTeam "Livry Gargan"]
[BlackTeam "Noyon II"]
[WhiteTeamCountry "FRA"]
[BlackTeamCountry "FRA"]

1. d4 d5 2. c4 c6 3. Nc3 Nf6 4. Nf3 e6 5. e3 Nbd7 6. a4 Bd6 7. cxd5 exd5 8. Be2 0-0 9. 0-0 Re8 10. Qb3 Bc7 11. Bd3 Nf8 12. h3 Ng6 13. Qc2 Qe7 14. a5 a6 15. b3 Ne4 16. Ba3 Qf6 17. Nxe4 dxe4 18. Bxe4 Rxe4 19. Qxe4 Bf5 20. Be7 Nxe7 21. Qh4 Qd6 22. Rfe1 Ng6 23. Qg5 Be4 24. Qc5 Bxf3 25. Qxd6 Bxd6 26. gxf3 Nh4 27. Red1 Nxf3+ 28. Kg2 Nh4+ 29. Kf1 Ng6 30. d5 c5 31. Ra4 Kf8 32. Ke2 Re8 33. Kd3 Re5 34. e4 Rh5 35. Rh1 Ke7 36. Ke3 Kd7 37. Ra2 Nf4 38. f3 Rxh3 39. Rxh3 Nxh3 40. Rg2 g5 41. Rc2 f6 42. b4 cxb4 43. Kd4 b3 44. Rc1 Nf4 45. Kc4 b2 46. Rb1 Be5 47. Kc5 Kc7 48. Rd1 Nd3+ 49. Kc4 Nc1 0-1

[Event "Mislata op 16th"]
[Site "Mislata"]
[Date "2008.08.28"]
[Round "5"]
[White "Tournier, Mathieu"]
[Black "Coves Tomas, Bernardo"]
[Result "0-1"]
[WhiteElo "2253"]
[BlackElo "1942"]
[PlyCount "57"]
[EventDate "2008.08.25"]
[EventType "swiss"]
[EventRounds "9"]
[EventCountry "ESP"]
[SourceTitle "CBM 126 Extra"]
[Source "ChessBase"]
[SourceDate "2008.11.05"]
[SourceVersion "1"]
[SourceVersionDate "2008.11.05"]
[SourceQuality "1"]

1. e4 e5 2. Nf3 Nc6 3. Bc4 d6 4. d3 Be7 5. c3 Be6 6. Bb5 a6 7. Ba4 b5 8. Bc2 d5 9. exd5 Bxd5 10. 0-0 Qd6 11. a4 b4 12. Nbd2 Nf6 13. Re1 0-0 14. cxb4 Bxf3 15. Nxf3 Nd7 16. d4 Nxd4 17. Nxd4 exd4 18. Bd2 Rfe8 19. Be4 Rab8 20. Rc1 Nf6 21. Bc6 Red8 22. Rc4 Nd5 23. b5 axb5 24. Bxb5 Bf6 25. Qf3 Be5 26. Rxe5 Qxe5 27. Rc5 Qf6 28. Rxd5 Qxf3 29. gxf3 0-1

[Event "FRA-chT1B 0708"]
[Site "France"]
[Date "2008.04.06"]
[Round "11.2"]
[White "Mohebbi, Jaffar"]
[Black "Tournier, Mathieu"]
[Result "0-1"]
[WhiteElo "2266"]
[BlackElo "2225"]
[PlyCount "78"]
[EventDate "2007.10.21"]
[EventType "team-tourn"]
[EventRounds "11"]
[EventCountry "FRA"]
[SourceTitle "EXT 2009"]
[Source "ChessBase"]
[SourceDate "2008.11.26"]
[SourceVersion "1"]
[SourceVersionDate "2008.11.26"]
[SourceQuality "1"]
[WhiteTeam "Gambsheim"]
[BlackTeam "Toulouse"]
[WhiteTeamCountry "FRA"]
[BlackTeamCountry "FRA"]

1. e4 e5 2. Nf3 Nc6 3. d4 exd4 4. Bc4 Nf6 5. e5 d5 6. Bb5 Nd7 7. 0-0 Be7 8. Re1 0-0 9. Bxc6 bxc6 10. Nxd4 Nb8 11. Qf3 c5 12. Nf5 Bxf5 13. Qxf5 Qd7 14. Qh5 Qe6 15. f4 f5 16. Qf3 Nc6 17. Be3 Rab8 18. b3 Rfd8 19. Qf2 d4 20. Bc1 c4 21. Nd2 Bb4 22. Rd1 Bc3 23. Rb1 cxb3 24. Rxb3 h6 25. Nf3 Rxb3 26. axb3 d3 27. Be3 a5 28. Rc1 Nb4 29. Bd4 Qc6 30. e6 dxc2 31. e7 Re8 32. Ne5 Bxd4 33. Qxd4 Qe4 34. Qc5 Rxe7 35. g3 Re8 36. Qxc7 Qd4+ 37. Kg2 Qd5+ 38. Kh3 Qxb3 39. Qd7 Qe6 0-1